000 00797nam a2200229 a 4500
001 10849
003 CO-ViMGA
008 141112s2004 ck r 000 u spa d
020 _a9586430391
040 _aCO-ViMGA
_bspa
_cCO-ViMGA
082 0 4 _a349.861 C65a
100 1 _aSantander ; Francisco de paula, López Dominguez Luis Horacio ,
_914834
245 1 0 _aAcuerdos del Consejo de Gobierno de la República de Colombia
260 _aSantafé de Bogotá :
_bPresidencia de la República,
_c1988
300 _a447p.
490 _aBiblioteca de la presidencia de la república, Administración Virgilio Barco
500 _aTomo I, II.
650 1 4 _a1821 - 1824
_914835
650 1 4 _a1825 - 1827
_914836
650 1 4 _aCOLOMBIA - ADMINISTRACION - PUBLICA 1825 - 1827
_914837
942 _2ddc
_cBK
999 _c22069
_d22069